Cliquez sur le bon tueur en série - Statistiques

Statistiques générales
  • Ce quiz a été pris 499 fois
  • Le résultat moyen est 5 sur 20
Statistiques - réponses
Hint Réponse % Correct
Le Cannibale de Milwaukee Jeffrey Dahmer
70%
Le Tueur des Ardennes Michel Fourniret
62%
Le Tueur de l'Est Parisien Guy Georges
51%
Le Monstre de Rostov Andreï Tchikatilo
43%
Le Boucher de l'Yonne Emile Louis
41%
BTK Dennis Rader
29%
La Voisin Catherine Deshayes
27%
Le Barbe-Bleue de Gambais Henri Désiré Landru
26%
Le Tueur de la Green River Gary Ridgway
25%
La Borgia Belge Marie Becker
24%
Le Lady Killer Ted Bundy
24%
Le Vampire de Brooklyn Albert Fish
23%
La Terreur du lac Falkenhagen Friedrich Schumann
19%
Co-ed Killer Edmund Kemper
18%
Le Sadique de Romont Michel Peiry
15%
The Gay Slayer Colin Ireland
14%
Le Terminator Anatoly Onoprienko
12%
The Monster Killer Yang Xinhai
5%
Raincoat Killer Yoo Young-chul
5%
La Sage-femme démoniaque Miyuki Ishikawa
4%
Aucun quiz correspondant
Distribution des résultats
% des personnes avec chaque résultat
Percentile par nombre de réponses
Votre historique - résultats
Vous n’avez pas pris ce quiz